Polska muzyka rozrywkowa (wszystkie dekady) - Statystyki

Ogólne statystyki
  • Ten quiz został rozwiązany 6 892 razy
    6 877 od ostatniego zresetowania
  • Średni wynik to 22 z 50
Statystyki odpowiedzi
Lp. Tytuł Wykonawca % Poprawnych
17 Biała Armia Bajm
81%
6 Zawsze tam gdzie ty Lady Pank
80%
7 Nie Płacz, Ewka Perfect
80%
21 Baśka Wilki
79%
38 Sen o Warszawie Czesław Niemen
78%
4 Długość Dźwięku Samotności Myslovitz
76%
14 Radio Hello Enej
73%
30 Słodkiego Miłego Życia Kombi
71%
48 Prawy do Lewego Kayah i Bregovic
70%
1 Kwiaty we Włosach Czerwone Gitary
67%
50 Boso Zakopower
65%
25 Agnieszka już Dawno... Łzy
64%
24 Ostatnia Nocka Yugopolis
63%
5 List do M. Dżem
62%
10 Baranek KULT
62%
36 Tyle Słońca w Całym Mieście Anna Jantar
60%
11 Kocham Cię Kochanie Moje Maanam
57%
49 Czerwone Korale Brathanki
56%
2 Za Ostatni Grosz Budka Suflera
56%
18 Wiosna, ach to ty Marek Grechuta
55%
23 King T.Love
53%
3 Przeżyj to Sam Lombard
51%
41 Pomaluj Mój Świat 2+1
48%
8 Moja i Twoja Nadzieja HEY
48%
19 Biała Flaga Republika
48%
33 Widziałam Orła Cień Varius Manx
46%
31 Mój Jest Ten Kawałek Podłogi Mr. Zoob
45%
32 Jenny Edyta Bartosiewicz
43%
20 Jedwab Róże Europy
36%
40 Prześliczna Wiolenczelistka Skaldowie
35%
27 Załoga G Hurt
32%
9 Zegarmistrz Światła Tadeusz Woźniak
31%
13 O! Ela Chłopcy z Placu Broni
29%
45 Papierowy Księżyc Halina Frąckowiak
27%
46 Mój Dom IRA
26%
39 Chłopiec z Gitarą Karin Stanek
26%
22 U Cioci na Imieninach Szwagierkolaska
26%
37 Tańczące Eurydyki Anna German
25%
43 Daj mi tę Noc Bolter
25%
26 Nogi Czarno Czarni
24%
29 W Moim Ogrodzie Daab
24%
34 Dorosłe Dzieci Turbo
22%
47 Niebo dla Ciebie Urszula
21%
16 Ten Wasz Świat Oddział Zamknięty
18%
28 Trzy Zapałki TSA
18%
42 10 w skali Beauforta Krzysztof Klenczon
16%
12 On Tu Jest O.N.A.
16%
35 Batumi Filipinki
15%
44 Mr. Lennon Universe
11%
15 Terrorystan Farben Lehre
10%
Nie znaleziono quizów pasujących do podanych kryteriów
Rozkład punktacji
Procent ludzi z każdym wynikiem
Percentyl według liczby udzielonych odpowiedzi
Twoja historia wyników
Nie rozwiązałeś tego quizu od ostatniego zresetowania